000 00663nam a2200229 a 4500
001 BRCA_4381
005 20190320204641.0
008 260809s1963----u--a######---#000-0#eng-#
041 _aeng
044 _au
050 4 _aHG1552.R6
_b.M67 3
_c1963
100 1 _aMorton, Frederic
_99256
245 1 0 _aThe Rothschilds
_bA Family Portrait
_cby Frederic Morton.
260 _aEstados Unidos
_bCrest
_c1963
300 _ax, 256 p.
_bil.
_c18 cm.
500 _aEstado físico: Sin encuadernación, primer hoja con roturas
500 _aVer también B232 y B310 (1962)
500 _aCEF85
600 1 4 _aRothschilds, Familia
_911145
902 _aGFM
942 _2lcc
_cB
999 _c4092
_d4092